|
|
|
|
| LEADER |
00879nam a2200265 a 4500 |
| 001 |
5684 |
| 003 |
BD-DhAAL |
| 005 |
20150312112014.0 |
| 008 |
150312s1995 maua b 001 0 eng |
| 010 |
|
|
|a 94076934
|
| 020 |
|
|
|a 0669393215
|
| 040 |
|
|
|a DLC
|c DLC
|d BD-DhAAL
|
| 050 |
0 |
0 |
|a QD33
|b .Z843 1995
|
| 082 |
0 |
0 |
|a 540
|2 20
|
| 100 |
1 |
|
|a Zumdahl, Steven S.
|9 9477
|
| 245 |
1 |
0 |
|a Chemical principles /
|c Steven S. Zumdahl.
|
| 250 |
|
|
|a 2nd ed.
|
| 260 |
|
|
|a Lexington, Mass. :
|b D.C. Heath,
|c c1995.
|
| 300 |
|
|
|a xxi, 1043, 94 p. :
|b ill. (some col.) ;
|c 27 cm.
|
| 504 |
|
|
|a Includes bibliographical references and index.
|
| 541 |
|
|
|e 5684
|
| 650 |
|
0 |
|a Chemistry.
|9 8104
|
| 942 |
|
|
|2 ddc
|c BK
|
| 999 |
|
|
|c 33994
|d 33994
|
| 952 |
|
|
|0 0
|1 0
|2 ddc
|4 0
|6 540_000000000000000_ZUM
|7 0
|9 53053
|a SCL
|b SCL
|c GEN
|d 2015-03-12
|e Gift: The Asia Foundation
|l 0
|o 540 ZUM
|p 3020005684
|r 2015-03-12
|t 1
|w 2015-03-12
|y BK
|